European mountains riddles - Statistics

General Stats
  • This quiz has been taken 14 times
  • The average score is 5 of 11
Answer Stats
Riddle Answer % Correct
White as snow, I touch the sky, The tallest in the Alps. Which mountain am i? Mont Blanc
100%
I'm the most active volcano in Europe but also a mountain to climb. Which mountain am i? mount Etna
86%
Home to gods in ancient lore, I rise above the Grecian shore. Which mountain am i? Mount Olympus
86%
I have twin peaks, icy and grand, Europe's highest, in Russia I stand. Which mountain am i? Mount Elbrus
64%
I rise with a pointed crown of stone, where four nations feel at home. Which mountain am i? Mount Matterhorn
64%
You are only a ''real'' Slovenian if you climb this mountain. Which mountain am i? Mount Triglav
50%
I stand tall in the Pyrenees embrace, With ice and snow upon my face.The highest peak in this mountain chain,But to reach my top, you must endure pain. Which mountain am i? Mount Aneto
7%
High in the Alps, I stand quite stern; with a name like a giant, but smaller in turn. Which mountain am i? Mount Breithorn
0%
Twins in the Pennine Alps we are, but I stand alone, icy and afar. Which mountain am i? Mount Castor
0%
In the Pennine Alps, I rise with grace, the highest hut rests on my face. Which mountain am i? Mount Signalkuppe
0%
In the Alps I rise with a pointed crown, third highest in Switzerland's renown. Which mountain am i? Mount Weisshorn
0%
No matching quizzes found
Score Distribution
Percent of People with Each Score
Percentile by Number Answered
Your Score History
You have not taken this quiz